Wszystkie kraje które występowały na Mistrzostwach Europy - Statystyki

Ogólne statystyki
  • Ten quiz został rozwiązany 632 razy
  • Średni wynik to 31 z 35
Statystyki odpowiedzi
Ilość
występów
Najlepszy
Występ
Reprezentacja % Poprawnych
10 1 Miejsce Hiszpania
99%
4 Ćwierćfinał Polska
99%
13 1 Miejsce Niemcy
98%
8 1 Miejsce Portugalia
98%
10 1 Miejsce Francja
97%
11 1 Miejsce Włochy
97%
12 1 Miejsce Rosja
96%
10 2 Miejsce Anglia
95%
10 1 Miejsce Holandia
95%
2 1/8 Finału Słowacja
95%
6 2 Miejsce Belgia
94%
4 1 Miejsce Grecja
94%
7 Półfinał Szwecja
94%
3 Ćwierćfinał Ukraina
94%
10 1 Miejsce Czechy
93%
9 1 Miejsce Dania
93%
6 Ćwierćfinał Chorwacja
92%
5 Ćwierćfinał Szwajcaria
91%
3 1/8 Finału Irlandia
90%
1 Faza Grupowa Norwegia
90%
1 Faza Grupowa Słowenia
90%
3 1/8 Finału Austria
89%
6 Półfinał Turcja
89%
3 Faza Grupowa Szkocja
88%
2 Półfinał Walia
88%
1 Faza Grupowa Finlandia
87%
4 Półfinał Węgry
87%
1 Faza Grupowa Albania
86%
5 Ćwierćfinał Rumunia
85%
1 Ćwierćfinał Islandia
83%
2 Faza Grupowa Bułgaria
80%
1 Faza Grupowa Irlandia Północna
80%
1 Faza Grupowa Łotwa
78%
1 Faza Grupowa Macedonia Północna
76%
5 2 Miejsce Jugosławia
68%
Nie znaleziono quizów pasujących do podanych kryteriów
Rozkład punktacji
Procent ludzi z każdym wynikiem
Percentyl według liczby udzielonych odpowiedzi
Twoja historia wyników
Nie rozwiązałeś tego quizu